000 00349nam a2200145Ia 4500
008 240624s9999 xx 000 0 und d
041 _aeng
082 _a658.4 HAR
100 _aHARTLEY ROBERT F
245 _aMANAGEMENT MISTAKES AND SUCCESSES
250 _a(9th ed.)
260 _c2007
_aNew Jersey
_bWiley
300 _a432 : p.
365 _c
_b28
999 _c28053
_d28053